|
|
|
|
| LEADER |
00896nam a2200229 a 4500 |
| 001 |
15737497 |
| 008 |
100208s1999 bg b 000 0 eng d |
| 010 |
|
|
|a 2009311420
|
| 040 |
|
|
|a DLC
|c DLC
|d DLC
|d DB-DhAAL
|
| 082 |
0 |
0 |
|a 332
|2 21
|
| 100 |
1 |
|
|a Alamgir, Dewan A. H.
|
| 245 |
1 |
0 |
|a Microfinancial services in Bangladesh :
|b review of innovations and trends /
|c Dewan A.H. Alamgir.
|
| 260 |
|
|
|a Dhaka :
|b Credit and Development Forum,
|c 1999.
|
| 300 |
|
|
|a vii, 114 p. ;
|c 26 cm.
|
| 504 |
|
|
|a Includes bibliographical references (p. 113-114).
|
| 541 |
1 |
|
|e 00007401
|
| 650 |
|
0 |
|a Microfinance
|z Bangladesh.
|
| 710 |
2 |
|
|a Credit and Development Forum (Bangladesh)
|
| 852 |
4 |
|
|a Ayesha Abed Library
|j General Shelf.
|
| 942 |
0 |
0 |
|0 1
|
| 999 |
|
|
|c 7389
|d 7389
|
| 952 |
|
|
|0 0
|1 0
|2 ddc
|4 0
|6 332_ALA_199900000000000
|7 0
|9 7899
|a BRACUL
|b BRACUL
|c GEN
|d 2010-02-09
|l 1
|o 332 ALA
|p 3010007401
|r 2015-09-20
|s 2015-09-16
|t 1
|w 2010-02-09
|y BK
|